[Event "V Open Escacs Xàtiva"]
[Site "Xàtiva, Spain"]
[Date "2019.07.21"]
[Round "9.5"]
[White "Martinez Peiro, Gabriel"]
[Black "Gomar Juan, Miguel"]
[Result "0-1"]
[WhiteElo "1965"]
[BlackElo "1779"]
[PlyCount "64"]
[EventDate "2019.??.??"]

1. d4 {[%clk 01:30:11]  [%emt 00:00:48]} 1... d5 {
[%clk 01:30:52]  [%emt 00:00:09]} 2. c4 {[%clk 01:30:30]  [%emt 00:00:11]} 2...
e6 {[%clk 01:31:13]  [%emt 00:00:09]} 3. Nc3 {[%clk 01:30:37]  [%emt 00:00:23]}
3... c6 {[%clk 01:31:03]  [%emt 00:00:41]} 4. e3 {
[%clk 01:30:50]  [%emt 00:00:17]} 4... Nf6 {[%clk 01:30:50]  [%emt 00:00:42]}
5. Nf3 {[%clk 01:31:05]  [%emt 00:00:15]} 5... Nbd7 {
[%clk 01:30:07]  [%emt 00:01:14]} 6. Qc2 {[%clk 01:31:10]  [%emt 00:00:24]}
6... Be7 {[%clk 01:27:35]  [%emt 00:03:01]} 7. b3 {
[%clk 01:30:25]  [%emt 00:01:16]} 7... O-O {[%clk 01:23:49]  [%emt 00:04:16]}
8. Be2 {[%clk 01:30:45]  [%emt 00:00:10]} 8... a6 {
[%clk 01:19:03]  [%emt 00:05:17]} 9. O-O {[%clk 01:30:43]  [%emt 00:00:31]}
9... b5 {[%clk 01:16:37]  [%emt 00:02:56]} 10. Bb2 {
[%clk 01:27:39]  [%emt 00:03:35]} 10... b4 {[%clk 01:12:09]  [%emt 00:04:58]}
11. Na4 {[%clk 01:26:21]  [%emt 00:01:49]} 11... Nb6 {
[%clk 01:09:16]  [%emt 00:03:23]} 12. Ne5 {[%clk 01:24:28]  [%emt 00:02:23]}
12... Bb7 {[%clk 01:07:04]  [%emt 00:02:43]} 13. Nc5 {
[%clk 01:22:10]  [%emt 00:02:47]} 13... Bxc5 {[%clk 01:06:20]  [%emt 00:01:14]}
14. dxc5 {[%clk 01:22:23]  [%emt 00:00:16]} 14... Nbd7 {
[%clk 01:06:27]  [%emt 00:00:24]} 15. cxd5 {[%clk 01:21:11]  [%emt 00:01:42]}
15... exd5 {[%clk 01:06:19]  [%emt 00:00:38]} 16. Rfd1 {
[%clk 01:13:00]  [%emt 00:08:41]} 16... Qe7 {[%clk 01:02:49]  [%emt 00:04:00]}
17. Nxd7 {[%clk 01:12:43]  [%emt 00:00:46]} 17... Nxd7 {
[%clk 01:02:46]  [%emt 00:00:34]} 18. Rac1 {[%clk 01:12:50]  [%emt 00:00:23]}
18... a5 {[%clk 00:57:10]  [%emt 00:06:06]} 19. Bd4 {
[%clk 01:08:29]  [%emt 00:04:50]} 19... Rfe8 {[%clk 00:54:52]  [%emt 00:02:48]}
20. Qf5 {[%clk 01:05:25]  [%emt 00:03:34]} 20... Ne5 {
[%clk 00:51:25]  [%emt 00:03:58]} 21. Ba1 {[%clk 01:00:48]  [%emt 00:05:08]}
21... Bc8 {[%clk 00:49:08]  [%emt 00:02:45]} 22. Qh5 {
[%clk 00:58:50]  [%emt 00:02:28]} 22... a4 {[%clk 00:44:01]  [%emt 00:05:38]}
23. Rd4 {[%clk 00:56:54]  [%emt 00:02:26]} 23... Ng6 {
[%clk 00:36:37]  [%emt 00:07:53]} 24. Rxb4 {[%clk 00:54:39]  [%emt 00:02:46]}
24... axb3 {[%clk 00:36:23]  [%emt 00:00:43]} 25. axb3 {
[%clk 00:54:36]  [%emt 00:00:33]} 25... Ra2 {[%clk 00:33:35]  [%emt 00:03:19]}
26. h3 {[%clk 00:51:41]  [%emt 00:03:25]} 26... Qa7 {
[%clk 00:28:40]  [%emt 00:05:24]} 27. Ra4 {[%clk 00:47:04]  [%emt 00:05:08]}
27... Rxa4 {[%clk 00:28:38]  [%emt 00:00:32]} 28. bxa4 {
[%clk 00:47:28]  [%emt 00:00:06]} 28... Qxa4 {[%clk 00:28:42]  [%emt 00:00:25]}
29. Bd4 {[%clk 00:46:06]  [%emt 00:01:51]} 29... Nf4 {
[%clk 00:28:00]  [%emt 00:01:14]} 30. exf4 {[%clk 00:45:17]  [%emt 00:01:18]}
30... Qxd4 {[%clk 00:27:29]  [%emt 00:01:01]} 31. Kf1 {
[%clk 00:39:05]  [%emt 00:06:43]} 31... Qxf4 {[%clk 00:27:20]  [%emt 00:00:39]}
32. Ra1 {[%clk 00:36:38]  [%emt 00:02:57]} 32... Qh2 {[%emt 00:02:20]} 0-1

[Event "V Open Escacs Xàtiva"]
[Site "Xàtiva, Spain"]
[Date "2019.07.21"]
[Round "9.6"]
[White "Sancho Ferrer, Juan Vicente"]
[Black "Pallas I Garrido, Ernest Josep"]
[Result "1-0"]
[WhiteElo "1898"]
[BlackElo "1831"]
[PlyCount "117"]
[EventDate "2019.??.??"]

1. f4 {[%clk 01:30:54]  [%emt 00:00:04]} 1... d5 {
[%clk 01:30:33]  [%emt 00:00:30]} 2. Nf3 {[%clk 01:31:06]  [%emt 00:00:17]}
2... Nc6 {[%clk 01:29:44]  [%emt 00:01:19]} 3. g3 {
[%clk 01:31:04]  [%emt 00:00:32]} 3... Bg4 {[%clk 01:28:36]  [%emt 00:01:38]}
4. Bg2 {[%clk 01:31:11]  [%emt 00:00:23]} 4... Bxf3 {
[%clk 01:28:50]  [%emt 00:00:16]} 5. Bxf3 {[%clk 01:31:28]  [%emt 00:00:14]}
5... e5 {[%clk 01:29:01]  [%emt 00:00:19]} 6. d3 {
[%clk 01:31:26]  [%emt 00:00:32]} 6... Nf6 {[%clk 01:28:16]  [%emt 00:01:15]}
7. fxe5 {[%clk 01:30:56]  [%emt 00:01:00]} 7... Nxe5 {
[%clk 01:28:33]  [%emt 00:00:13]} 8. Bg2 {[%clk 01:31:00]  [%emt 00:00:25]}
8... Qd7 {[%clk 01:25:31]  [%emt 00:03:33]} 9. Nc3 {[%emt 00:02:08]} 9... c6 {
[%clk 01:22:10]  [%emt 00:02:23]} 10. O-O {[%clk 01:30:10]  [%emt 00:01:10]}
10... O-O-O {[%clk 01:20:58]  [%emt 00:01:42]} 11. e4 {
[%clk 01:30:16]  [%emt 00:00:23]} 11... d4 {[%clk 01:14:03]  [%emt 00:07:26]}
12. Ne2 {[%clk 01:30:17]  [%emt 00:00:29]} 12... h5 {
[%clk 01:12:58]  [%emt 00:01:36]} 13. Bg5 {[%clk 01:28:58]  [%emt 00:01:49]}
13... Be7 {[%clk 01:12:14]  [%emt 00:01:14]} 14. h3 {
[%clk 01:28:42]  [%emt 00:00:46]} 14... Ng8 {[%clk 01:05:35]  [%emt 00:07:08]}
15. Bf4 {[%clk 01:24:20]  [%emt 00:04:52]} 15... f6 {
[%clk 01:02:11]  [%emt 00:03:55]} 16. a4 {[%clk 01:24:06]  [%emt 00:00:44]}
16... g5 {[%clk 01:01:02]  [%emt 00:01:38]} 17. Bxe5 {
[%clk 01:22:57]  [%emt 00:01:40]} 17... fxe5 {[%clk 01:01:22]  [%emt 00:00:10]}
18. Rf5 {[%clk 01:23:11]  [%emt 00:00:15]} 18... Qe6 {
[%clk 00:58:16]  [%emt 00:03:34]} 19. Qd2 {[%clk 01:22:40]  [%emt 00:01:03]}
19... Nh6 {[%clk 00:57:30]  [%emt 00:01:17]} 20. Rf2 {
[%clk 01:22:57]  [%emt 00:00:13]} 20... h4 {[%clk 00:52:23]  [%emt 00:05:37]}
21. g4 {[%clk 01:22:53]  [%emt 00:00:34]} 21... Nxg4 {
[%clk 00:48:56]  [%emt 00:03:58]} 22. hxg4 {[%clk 01:23:19]  [%emt 00:00:04]}
22... Qxg4 {[%clk 00:49:12]  [%emt 00:00:14]} 23. Kh2 {
[%clk 01:23:11]  [%emt 00:00:37]} 23... Qe6 {[%clk 00:45:26]  [%emt 00:04:16]}
24. Rf5 {[%clk 01:22:01]  [%emt 00:01:40]} 24... g4 {
[%clk 00:41:58]  [%emt 00:03:58]} 25. Kg1 {[%clk 01:21:20]  [%emt 00:01:10]}
25... h3 {[%clk 00:34:12]  [%emt 00:08:17]} 26. Bh1 {
[%clk 01:21:37]  [%emt 00:00:13]} 26... Rdg8 {[%clk 00:21:35]  [%emt 00:13:07]}
27. Kh2 {[%clk 01:20:25]  [%emt 00:01:43]} 27... Bh4 {
[%clk 00:16:39]  [%emt 00:05:25]} 28. Rg1 {[%clk 01:20:20]  [%emt 00:00:35]}
28... Qe7 {[%clk 00:15:28]  [%emt 00:01:41]} 29. Qa5 {
[%clk 01:18:55]  [%emt 00:01:56]} 29... g3+ {[%clk 00:05:14]  [%emt 00:10:43]}
30. Nxg3 {[%clk 01:19:04]  [%emt 00:00:21]} 30... Bxg3+ {
[%clk 00:04:24]  [%emt 00:01:19]} 31. Rxg3 {[%clk 01:19:32]  [%emt 00:00:03]}
31... Rxg3 {[%clk 00:04:30]  [%emt 00:00:24]} 32. Kxg3 {
[%clk 01:16:37]  [%emt 00:00:35]} 32... Qg7+ {[%clk 00:03:36]  [%emt 00:04:14]}
33. Kh2 {[%clk 01:16:28]  [%emt 00:00:38]} 33... Rg8 {
[%clk 00:03:31]  [%emt 00:00:36]} 34. Qe1 {[%clk 01:16:41]  [%emt 00:00:17]}
34... Qg4 {[%clk 00:02:29]  [%emt 00:01:31]} 35. Bf3 {
[%clk 01:16:29]  [%emt 00:00:42]} 35... Qg6 {[%clk 00:02:27]  [%emt 00:00:32]}
36. Qf2 {[%clk 01:16:03]  [%emt 00:00:56]} 36... Qg7 {
[%clk 00:01:56]  [%emt 00:01:02]} 37. Bh1 {[%clk 01:14:19]  [%emt 00:02:13]}
37... Kb8 {[%clk 00:01:35]  [%emt 00:00:52]} 38. Bf3 {
[%clk 01:14:12]  [%emt 00:00:37]} 38... a6 {[%clk 00:01:44]  [%emt 00:00:22]}
39. Bh5 {[%clk 01:13:56]  [%emt 00:00:45]} 39... Ka7 {
[%clk 00:01:50]  [%emt 00:00:24]} 40. Bf7 {[%clk 01:12:04]  [%emt 00:02:22]}
40... Rf8 {[%clk 00:00:57]  [%emt 00:01:23]} 41. Be6 {
[%clk 01:11:15]  [%emt 00:01:19]} 41... Rh8 {[%clk 00:00:37]  [%emt 00:00:50]}
42. Rf3 {[%clk 01:10:52]  [%emt 00:00:53]} 42... Qh6 {
[%clk 00:00:49]  [%emt 00:00:17]} 43. Rxh3 {[%clk 01:09:22]  [%emt 00:02:00]}
43... Qg7 {[%clk 00:00:34]  [%emt 00:00:46]} 44. Rxh8 {
[%clk 01:09:17]  [%emt 00:00:34]} 44... Qxh8+ {[%clk 00:01:02]  [%emt 00:00:02]
} 45. Kg2 {[%clk 01:08:26]  [%emt 00:01:22]} 45... Qg7+ {
[%clk 00:01:24]  [%emt 00:00:09]} 46. Qg3 {[%clk 01:08:26]  [%emt 00:00:30]}
46... Qh6 {[%clk 00:01:35]  [%emt 00:00:19]} 47. Qxe5 {
[%clk 01:07:44]  [%emt 00:01:11]} 47... Qd2+ {[%clk 00:01:51]  [%emt 00:00:14]}
48. Kh3 {[%clk 01:07:02]  [%emt 00:01:12]} 48... Qe3+ {
[%clk 00:01:55]  [%emt 00:00:26]} 49. Kg4 {[%clk 01:06:17]  [%emt 00:01:15]}
49... Qg1+ {[%clk 00:01:53]  [%emt 00:00:30]} 50. Kf5 {
[%clk 01:05:39]  [%emt 00:01:09]} 50... Qf2+ {[%clk 00:01:36]  [%emt 00:00:47]}
51. Kg6 {[%clk 01:05:54]  [%emt 00:00:13]} 51... Qg1+ {
[%clk 00:00:55]  [%emt 00:01:13]} 52. Kf7 {[%clk 01:05:52]  [%emt 00:00:33]}
52... Qf2+ {[%clk 00:00:58]  [%emt 00:00:27]} 53. Ke8 {
[%clk 01:05:30]  [%emt 00:00:51]} 53... Qg1 {[%clk 00:01:13]  [%emt 00:00:16]}
54. c3 {[%clk 01:04:04]  [%emt 00:01:57]} 54... dxc3 {
[%clk 00:01:21]  [%emt 00:00:21]} 55. bxc3 {[%clk 01:04:09]  [%emt 00:00:25]}
55... Qg6+ {[%clk 00:01:16]  [%emt 00:00:35]} 56. Bf7 {
[%clk 01:03:57]  [%emt 00:00:42]} 56... Qg4 {[%clk 00:01:32]  [%emt 00:00:15]}
57. Qd4+ {[%clk 01:03:18]  [%emt 00:01:09]} 57... Ka8 {
[%clk 00:01:47]  [%emt 00:00:14]} 58. e5 {[%clk 01:03:32]  [%emt 00:00:16]}
58... Qd1 {[%clk 00:01:37]  [%emt 00:00:41]} 59. e6 {
[%clk 01:03:08]  [%emt 00:00:54]} 1-0

[Event "V Open Escacs Xàtiva"]
[Site "Xàtiva, Spain"]
[Date "2019.07.21"]
[Round "9.7"]
[White "Lluch Ventura, Enrique"]
[Black "Roca Cruz, Rafael"]
[Result "1-0"]
[WhiteElo "1726"]
[BlackElo "1880"]
[PlyCount "79"]
[EventDate "2019.??.??"]

1. d4 {[%clk 01:30:57]  [%emt 00:00:14]} 1... Nf6 {[%clk 01:30:57]} 2. Bf4 {
[%clk 01:31:20]  [%emt 00:00:04]} 2... d6 {[%clk 01:31:12]  [%emt 00:00:10]} 3.
e3 {[%clk 01:31:40]  [%emt 00:00:14]} 3... g6 {[%clk 01:31:34]  [%emt 00:00:21]
} 4. Nf3 {[%clk 01:31:59]} 4... Nh5 {[%clk 01:31:36]  [%emt 00:00:22]} 5. Bg5 {
[%clk 01:32:05]  [%emt 00:00:44]} 5... h6 {[%clk 01:31:59]} 6. Bh4 {
[%clk 01:32:14]  [%emt 00:00:09]} 6... g5 {[%clk 01:32:27]  [%emt 00:00:13]} 7.
Bg3 {[%clk 01:32:27]  [%emt 00:00:13]} 7... Bf5 {
[%clk 01:26:00]  [%emt 00:06:47]} 8. Be2 {[%clk 01:27:17]  [%emt 00:05:43]}
8... Bg7 {[%clk 01:17:33]  [%emt 00:08:57]} 9. c4 {
[%clk 01:21:24]  [%emt 00:06:21]} 9... c6 {[%clk 01:10:48]  [%emt 00:07:15]}
10. Nc3 {[%clk 01:19:04]  [%emt 00:03:25]} 10... Qb6 {
[%clk 01:05:51]  [%emt 00:04:54]} 11. Na4 {[%clk 01:09:48]  [%emt 00:09:44]}
11... Qa5+ {[%clk 00:59:05]  [%emt 00:07:21]} 12. Nd2 {
[%clk 01:09:55]  [%emt 00:00:23]} 12... Nxg3 {[%clk 00:59:25]  [%emt 00:00:06]}
13. hxg3 {[%clk 01:10:13]  [%emt 00:00:41]} 13... Nd7 {
[%clk 00:55:46]  [%emt 00:03:44]} 14. O-O {[%clk 01:03:03]  [%emt 00:07:36]}
14... Bg6 {[%clk 00:51:09]  [%emt 00:05:19]} 15. a3 {
[%clk 00:59:55]  [%emt 00:03:29]} 15... Qc7 {[%clk 00:43:45]  [%emt 00:07:58]}
16. Rc1 {[%clk 00:53:13]  [%emt 00:07:08]} 16... h5 {
[%clk 00:42:11]  [%emt 00:02:10]} 17. d5 {[%clk 00:48:08]  [%emt 00:05:26]}
17... f5 {[%clk 00:26:32]  [%emt 00:16:09]} 18. Nf3 {
[%clk 00:45:00]  [%emt 00:03:37]} 18... Bf6 {[%clk 00:24:34]  [%emt 00:02:53]}
19. Nd4 {[%clk 00:42:38]  [%emt 00:02:30]} 19... Bxd4 {
[%clk 00:20:31]  [%emt 00:04:29]} 20. exd4 {[%clk 00:39:39]  [%emt 00:03:29]}
20... Nf6 {[%clk 00:18:44]  [%emt 00:02:18]} 21. dxc6 {
[%clk 00:34:49]  [%emt 00:05:20]} 21... bxc6 {[%clk 00:19:00]  [%emt 00:00:23]}
22. d5 {[%clk 00:30:30]  [%emt 00:04:40]} 22... h4 {
[%clk 00:16:40]  [%emt 00:02:52]} 23. g4 {[%clk 00:27:27]  [%emt 00:03:30]}
23... fxg4 {[%clk 00:10:54]  [%emt 00:06:17]} 24. Bxg4 {
[%clk 00:27:40]  [%emt 00:00:16]} 24... Bh5 {[%clk 00:10:53]  [%emt 00:00:43]}
25. Bxh5+ {[%clk 00:27:15]  [%emt 00:00:44]} 25... Rxh5 {
[%clk 00:10:04]  [%emt 00:01:17]} 26. Re1 {[%clk 00:22:05]  [%emt 00:05:41]}
26... Kf7 {[%clk 00:05:28]  [%emt 00:05:06]} 27. Qe2 {
[%clk 00:19:18]  [%emt 00:03:17]} 27... Rah8 {[%clk 00:04:47]  [%emt 00:01:11]}
28. Qe6+ {[%clk 00:18:02]  [%emt 00:02:00]} 28... Kf8 {
[%clk 00:05:10]  [%emt 00:00:14]} 29. Rc3 {[%clk 00:17:08]  [%emt 00:01:03]}
29... g4 {[%clk 00:05:08]  [%emt 00:00:34]} 30. Rce3 {
[%clk 00:13:10]  [%emt 00:04:26]} 30... R8h7 {[%clk 00:04:17]  [%emt 00:01:31]}
31. Nc3 {[%clk 00:10:26]  [%emt 00:03:26]} 31... g3 {
[%clk 00:03:22]  [%emt 00:01:02]} 32. Qh3 {[%clk 00:09:35]  [%emt 00:01:34]}
32... gxf2+ {[%clk 00:02:19]  [%emt 00:01:21]} 33. Kxf2 {
[%clk 00:10:02]  [%emt 00:00:17]} 33... Rf7 {[%clk 00:01:29]  [%emt 00:01:06]}
34. Rf3 {[%clk 00:08:54]  [%emt 00:01:38]} 34... Qb6+ {
[%clk 00:01:30]  [%emt 00:00:36]} 35. Kf1 {[%clk 00:07:38]  [%emt 00:02:07]}
35... Qxb2 {[%clk 00:01:44]} 36. dxc6 {[%clk 00:06:02]  [%emt 00:02:00]} 36...
Qb3 {[%clk 00:00:41]  [%emt 00:01:35]} 37. Qe6 {
[%clk 00:04:36]  [%emt 00:01:49]} 37... Qb6 {[%clk 00:00:46]  [%emt 00:00:23]}
38. Nd5 {[%clk 00:03:14]  [%emt 00:01:51]} 38... Qxc6 {
[%clk 00:00:33]  [%emt 00:01:23]} 39. Nxf6 {[%clk 00:01:07]  [%emt 00:01:58]}
39... Re5 {[%emt 00:00:35]} 40. Nd7+ {[%emt 00:00:21]} 1-0

[Event "V Open Escacs Xàtiva"]
[Site "Xàtiva, Spain"]
[Date "2019.07.21"]
[Round "9.8"]
[White "Hassomal Daswani, Birjkumar"]
[Black "Kocharyan Baghdasaryan, Arman"]
[Result "1-0"]
[WhiteElo "1994"]
[BlackElo "1620"]
[PlyCount "65"]
[EventDate "2019.??.??"]

1. e4 {[%clk 01:24:30]  [%emt 00:06:31]} 1... c5 {
[%clk 01:30:48]  [%emt 00:00:11]} 2. Nc3 {[%clk 01:24:18]  [%emt 00:01:08]}
2... Nc6 {[%clk 01:31:08]} 3. f4 {[%clk 01:24:42]  [%emt 00:00:22]} 3... e6 {
[%clk 01:31:18]} 4. Nf3 {[%clk 01:25:05]} 4... d5 {
[%clk 01:31:16]  [%emt 00:00:36]} 5. Bb5 {[%clk 01:25:14]  [%emt 00:00:12]}
5... Nf6 {[%emt 00:05:36]} 6. Bxc6+ {[%clk 01:25:14]  [%emt 00:00:20]} 6...
bxc6 {[%clk 01:26:36]  [%emt 00:00:21]} 7. e5 {[%clk 01:25:24]  [%emt 00:00:11]
} 7... Nd7 {[%clk 01:26:46]  [%emt 00:00:22]} 8. O-O {
[%clk 01:25:34]  [%emt 00:00:27]} 8... Be7 {[%clk 01:26:18]  [%emt 00:00:50]}
9. Kh1 {[%clk 01:25:55]  [%emt 00:00:11]} 9... Ba6 {
[%clk 01:25:33]  [%emt 00:01:12]} 10. d3 {[%clk 01:26:14]  [%emt 00:00:20]}
10... Nb6 {[%clk 01:25:45]  [%emt 00:00:13]} 11. Ne2 {
[%clk 01:26:13]  [%emt 00:00:31]} 11... c4 {[%clk 01:24:40]  [%emt 00:01:53]}
12. d4 {[%clk 01:26:16]  [%emt 00:00:19]} 12... c5 {
[%clk 01:24:53]  [%emt 00:00:04]} 13. c3 {[%clk 01:26:25]  [%emt 00:00:22]}
13... Bb7 {[%clk 01:12:37]  [%emt 00:12:46]} 14. Be3 {
[%clk 01:26:43]  [%emt 00:00:12]} 14... Qc7 {[%clk 01:12:23]  [%emt 00:00:44]}
15. Qe1 {[%clk 01:26:19]  [%emt 00:00:56]} 15... Nd7 {
[%clk 01:07:25]  [%emt 00:05:27]} 16. Ng3 {[%clk 01:26:03]  [%emt 00:01:09]}
16... g6 {[%clk 01:03:30]  [%emt 00:04:00]} 17. b4 {
[%clk 01:26:11]  [%emt 00:00:23]} 17... cxb4 {[%clk 01:02:15]  [%emt 00:01:52]}
18. cxb4 {[%clk 01:26:37]} 18... c3 {[%clk 00:57:55]  [%emt 00:04:47]} 19. b5 {
[%clk 01:26:51]  [%emt 00:00:16]} 19... a6 {[%clk 00:56:50]  [%emt 00:01:34]}
20. a4 {[%clk 01:27:15]  [%emt 00:00:10]} 20... axb5 {
[%clk 00:56:26]  [%emt 00:00:50]} 21. axb5 {[%clk 01:27:40]  [%emt 00:00:31]}
21... O-O {[%clk 00:56:43]  [%emt 00:00:03]} 22. Rc1 {
[%clk 01:27:54]  [%emt 00:00:11]} 22... Bb4 {[%clk 00:53:37]  [%emt 00:03:25]}
23. h4 {[%clk 01:28:10]  [%emt 00:00:14]} 23... Ra3 {
[%clk 00:51:36]  [%emt 00:02:31]} 24. f5 {[%clk 01:28:04]  [%emt 00:00:40]}
24... exf5 {[%clk 00:51:01]  [%emt 00:01:11]} 25. Bh6 {
[%clk 01:28:03]  [%emt 00:00:21]} 25... Rc8 {[%clk 00:51:10]  [%emt 00:00:33]}
26. Nxf5 {[%clk 01:27:41]  [%emt 00:00:51]} 26... Bf8 {
[%clk 00:43:56]  [%emt 00:07:35]} 27. Bxf8 {[%clk 01:27:13]  [%emt 00:00:56]}
27... Rxf8 {[%clk 00:43:39]  [%emt 00:00:48]} 28. Nd6 {
[%clk 01:26:33]  [%emt 00:01:35]} 28... h6 {[%clk 00:43:48]  [%emt 00:00:04]}
29. Qe3 {[%clk 01:26:47]  [%emt 00:00:22]} 29... Kg7 {
[%clk 00:42:20]  [%emt 00:01:53]} 30. Nh2 {[%clk 01:27:02]  [%emt 00:00:10]}
30... f6 {[%clk 00:40:21]  [%emt 00:02:25]} 31. exf6+ {
[%clk 01:26:55]  [%emt 00:00:40]} 31... Nxf6 {[%clk 00:40:33]  [%emt 00:00:29]}
32. Rxf6 {[%clk 01:27:12]  [%emt 00:00:08]} 32... Kxf6 {
[%clk 00:40:28]  [%emt 00:00:36]} 33. Qe5# {[%clk 01:27:35]  [%emt 00:00:04]}
1-0

[Event "V Open Escacs Xàtiva"]
[Site "Xàtiva, Spain"]
[Date "2019.07.21"]
[Round "9.9"]
[White "Castro Santimoteo, Raul"]
[Black "Gukasov, Artem"]
[Result "1-0"]
[WhiteElo "1947"]
[BlackElo "1369"]
[PlyCount "65"]
[EventDate "2019.??.??"]

1. Nf3 {[%clk 01:30:57]} 1... Nf6 {[%clk 01:30:43]  [%emt 00:00:03]} 2. c4 {
[%clk 01:31:18]} 2... g6 {[%clk 01:30:50]  [%emt 00:00:22]} 3. b4 {
[%clk 01:31:38]  [%emt 00:00:04]} 3... Bg7 {[%clk 01:30:37]  [%emt 00:00:39]}
4. Bb2 {[%clk 01:31:59]  [%emt 00:00:25]} 4... d6 {
[%clk 01:29:29]  [%emt 00:01:36]} 5. d4 {[%clk 01:32:05]  [%emt 00:00:09]} 5...
O-O {[%clk 01:28:48]  [%emt 00:00:55]} 6. g3 {[%clk 01:32:34]} 6... Bf5 {
[%clk 01:27:17]  [%emt 00:02:17]} 7. Bg2 {[%clk 01:32:14]  [%emt 00:01:05]}
7... Nbd7 {[%clk 01:25:30]  [%emt 00:02:31]} 8. O-O {
[%clk 01:32:15]  [%emt 00:00:04]} 8... Re8 {[%clk 01:23:26]  [%emt 00:02:48]}
9. Nh4 {[%clk 01:32:13]  [%emt 00:00:14]} 9... Bxb1 {
[%clk 01:15:47]  [%emt 00:08:12]} 10. Rxb1 {[%clk 01:30:52]  [%emt 00:00:44]}
10... Rb8 {[%clk 01:12:34]  [%emt 00:04:47]} 11. Qc2 {
[%clk 01:30:48]  [%emt 00:00:34]} 11... c6 {[%clk 01:07:11]  [%emt 00:05:55]}
12. Rfd1 {[%clk 01:24:54]  [%emt 00:06:25]} 12... Qc7 {
[%clk 01:05:24]  [%emt 00:02:14]} 13. Rbc1 {[%clk 01:22:40]  [%emt 00:02:43]}
13... Rbc8 {[%clk 01:04:44]  [%emt 00:01:20]} 14. Qb3 {
[%clk 01:22:23]  [%emt 00:01:04]} 14... b6 {[%clk 01:03:58]  [%emt 00:01:05]}
15. b5 {[%clk 01:21:02]  [%emt 00:01:52]} 15... c5 {
[%clk 01:01:57]  [%emt 00:02:17]} 16. Bc6 {[%clk 01:21:08]  [%emt 00:00:22]}
16... Red8 {[%clk 01:01:45]  [%emt 00:00:42]} 17. d5 {
[%clk 01:20:07]  [%emt 00:01:32]} 17... Nb8 {[%clk 01:01:12]  [%emt 00:01:03]}
18. f3 {[%clk 01:19:58]  [%emt 00:01:02]} 18... Nxc6 {
[%clk 00:59:08]  [%emt 00:02:12]} 19. bxc6 {[%clk 01:20:22]  [%emt 00:00:12]}
19... e6 {[%clk 00:55:48]  [%emt 00:03:44]} 20. e4 {
[%clk 01:19:19]  [%emt 00:01:34]} 20... Rb8 {[%clk 00:42:38]  [%emt 00:13:40]}
21. Ng2 {[%clk 01:16:30]  [%emt 00:03:18]} 21... a6 {
[%clk 00:41:20]  [%emt 00:01:47]} 22. a4 {[%clk 01:15:44]  [%emt 00:01:16]}
22... Qa7 {[%clk 00:38:13]  [%emt 00:03:54]} 23. e5 {
[%clk 01:15:29]  [%emt 00:00:29]} 23... Ne8 {[%clk 00:37:25]  [%emt 00:01:43]}
24. exd6 {[%clk 01:15:28]  [%emt 00:00:08]} 24... Nxd6 {
[%clk 00:37:33]  [%emt 00:00:21]} 25. Bxg7 {[%clk 01:15:26]  [%emt 00:00:30]}
25... Kxg7 {[%clk 00:36:59]  [%emt 00:01:04]} 26. Qc3+ {
[%clk 01:14:33]  [%emt 00:01:25]} 26... Kg8 {[%clk 00:37:09]  [%emt 00:00:21]}
27. Ne3 {[%clk 01:13:15]  [%emt 00:01:48]} 27... b5 {
[%clk 00:34:29]  [%emt 00:03:08]} 28. Ng4 {[%clk 01:12:32]  [%emt 00:01:16]}
28... Ne8 {[%clk 00:21:50]  [%emt 00:13:15]} 29. dxe6 {
[%clk 01:06:46]  [%emt 00:06:14]} 29... Ng7 {[%clk 00:12:54]  [%emt 00:09:19]}
30. Rd7 {[%clk 01:02:47]  [%emt 00:04:30]} 30... Rxd7 {
[%clk 00:12:33]  [%emt 00:00:49]} 31. exd7 {[%clk 01:01:47]  [%emt 00:01:31]}
31... Qb6 {[%clk 00:12:29]  [%emt 00:00:41]} 32. Qf6 {
[%clk 01:01:51]  [%emt 00:00:22]} 32... Nf5 {[%clk 00:11:27]  [%emt 00:01:44]}
33. Re1 {[%clk 01:00:25]  [%emt 00:01:40]} 1-0